00682 2200229 4500001002100000005001500021007000300036008004100039035002000080082001000100084001400110090001900124245005800143260008100201300005100282600002100333850001000354990002200364990002200386990002200408990002200430INLIS00000000000296020260529114535ta260529 0  a0010-1220000008 a367.3 a367.3 PED a367.3 PED 13-8 aPedoman Pelaksanaan 3R Pengelolaan Sampah Perkantoran aTanam :bKementrian Lingkungan Hidup dan Kehutanan Republik Indonesia,c2020 a34 hlm. :bilus. ;c20 cmeBibliografi, hlm 34 4aLingkungan Hidup aPUPAD a34.874/S/DPK/2020 a34.875/S/DPK/2020 a34.942/S/DPK/2020 a34.943/S/DPK/2020